<?xml version="1.0" encoding="UTF-8"?>
<record
    xmlns:xsi="http://www.w3.org/2001/XMLSchema-instance"
    xsi:schemaLocation="http://www.loc.gov/MARC21/slim http://www.loc.gov/standards/marcxml/schema/MARC21slim.xsd"
    xmlns="http://www.loc.gov/MARC21/slim">

  <leader>00708nam a2200253 i 4500</leader>
  <controlfield tag="001">C2-0259069</controlfield>
  <controlfield tag="003">PPAK</controlfield>
  <controlfield tag="005">20180727225529.0</controlfield>
  <controlfield tag="008">041007s2004    my a|||| |||||  |   eng d</controlfield>
  <datafield tag="020" ind1=" " ind2=" ">
    <subfield code="a">9831916492</subfield>
  </datafield>
  <datafield tag="040" ind1=" " ind2=" ">
    <subfield code="a">PPAK</subfield>
    <subfield code="b">eng</subfield>
    <subfield code="c">PPAK</subfield>
    <subfield code="e">rda</subfield>
  </datafield>
  <datafield tag="082" ind1="0" ind2="4">
    <subfield code="a">398.2</subfield>
    <subfield code="2">23</subfield>
  </datafield>
  <datafield tag="090" ind1="0" ind2="0">
    <subfield code="a">398.2</subfield>
    <subfield code="b">SUL</subfield>
    <subfield code="d">RK</subfield>
  </datafield>
  <datafield tag="245" ind1="0" ind2="4">
    <subfield code="a">The Sultan and the three thieves</subfield>
  </datafield>
  <datafield tag="264" ind1=" " ind2="1">
    <subfield code="a">Kuala Lumpur : </subfield>
    <subfield code="b">Kohwai &amp; Young , </subfield>
    <subfield code="c">2004</subfield>
  </datafield>
  <datafield tag="300" ind1=" " ind2=" ">
    <subfield code="a">16 pages : </subfield>
    <subfield code="b">colour illustrations ; </subfield>
    <subfield code="c">46 cm</subfield>
  </datafield>
  <datafield tag="336" ind1=" " ind2=" ">
    <subfield code="2">rdacontent</subfield>
    <subfield code="a">text</subfield>
  </datafield>
  <datafield tag="337" ind1=" " ind2=" ">
    <subfield code="2">rdamedia</subfield>
    <subfield code="a">unmediated</subfield>
  </datafield>
  <datafield tag="338" ind1=" " ind2=" ">
    <subfield code="2">rdacarrier</subfield>
    <subfield code="a">volume</subfield>
  </datafield>
  <datafield tag="490" ind1="1" ind2=" ">
    <subfield code="a">Malaysian legends series</subfield>
  </datafield>
  <datafield tag="650" ind1="1" ind2="0">
    <subfield code="a">Folklore, Malaysia</subfield>
  </datafield>
  <datafield tag="830" ind1=" " ind2="0">
    <subfield code="a">Malaysian legends series</subfield>
  </datafield>
  <datafield tag="942" ind1=" " ind2=" ">
    <subfield code="d">dc</subfield>
    <subfield code="c">B</subfield>
  </datafield>
  <datafield tag="999" ind1=" " ind2=" ">
    <subfield code="c">70540</subfield>
    <subfield code="d">70540</subfield>
  </datafield>
  <datafield tag="952" ind1=" " ind2=" ">
    <subfield code="0">0</subfield>
    <subfield code="7">1</subfield>
    <subfield code="b">PPAK</subfield>
    <subfield code="c">RK</subfield>
    <subfield code="d">2005-03-13</subfield>
    <subfield code="o">RK 398.2 SUL</subfield>
    <subfield code="p">A01078897</subfield>
    <subfield code="r">2018-05-09 00:00:00</subfield>
    <subfield code="y">B</subfield>
  </datafield>
  <datafield tag="952" ind1=" " ind2=" ">
    <subfield code="0">0</subfield>
    <subfield code="7">1</subfield>
    <subfield code="b">SP</subfield>
    <subfield code="c">RK</subfield>
    <subfield code="d">2005-03-13</subfield>
    <subfield code="o">RK 398.2 SUL</subfield>
    <subfield code="p">A01078898</subfield>
    <subfield code="r">2018-05-09 00:00:00</subfield>
    <subfield code="y">B</subfield>
  </datafield>
  <datafield tag="952" ind1=" " ind2=" ">
    <subfield code="0">0</subfield>
    <subfield code="7">1</subfield>
    <subfield code="b">LW</subfield>
    <subfield code="c">RK</subfield>
    <subfield code="d">2005-03-13</subfield>
    <subfield code="o">RK 398.2 SUL</subfield>
    <subfield code="p">A01078900</subfield>
    <subfield code="r">2018-05-09 00:00:00</subfield>
    <subfield code="y">B</subfield>
  </datafield>
  <datafield tag="952" ind1=" " ind2=" ">
    <subfield code="0">0</subfield>
    <subfield code="7">1</subfield>
    <subfield code="b">YN</subfield>
    <subfield code="c">RK</subfield>
    <subfield code="d">2005-03-13</subfield>
    <subfield code="o">RK 398.2 SUL</subfield>
    <subfield code="p">A01078902</subfield>
    <subfield code="r">2018-05-09 00:00:00</subfield>
    <subfield code="y">B</subfield>
  </datafield>
  <datafield tag="952" ind1=" " ind2=" ">
    <subfield code="0">0</subfield>
    <subfield code="7">1</subfield>
    <subfield code="b">BB</subfield>
    <subfield code="c">RK</subfield>
    <subfield code="d">2005-03-13</subfield>
    <subfield code="o">RK 398.2 SUL</subfield>
    <subfield code="p">A01078903</subfield>
    <subfield code="r">2018-05-09 00:00:00</subfield>
    <subfield code="y">B</subfield>
  </datafield>
  <datafield tag="952" ind1=" " ind2=" ">
    <subfield code="0">0</subfield>
    <subfield code="7">1</subfield>
    <subfield code="b">SK</subfield>
    <subfield code="c">RK</subfield>
    <subfield code="d">2005-03-13</subfield>
    <subfield code="o">RK 398.2 SUL</subfield>
    <subfield code="p">A01078904</subfield>
    <subfield code="r">2018-05-09 00:00:00</subfield>
    <subfield code="y">B</subfield>
  </datafield>
  <datafield tag="952" ind1=" " ind2=" ">
    <subfield code="0">0</subfield>
    <subfield code="7">1</subfield>
    <subfield code="b">BL</subfield>
    <subfield code="c">RK</subfield>
    <subfield code="d">2005-03-13</subfield>
    <subfield code="o">RK 398.2 SUL</subfield>
    <subfield code="p">A01078905</subfield>
    <subfield code="r">2018-05-09 00:00:00</subfield>
    <subfield code="y">B</subfield>
  </datafield>
  <datafield tag="952" ind1=" " ind2=" ">
    <subfield code="0">0</subfield>
    <subfield code="7">1</subfield>
    <subfield code="b">JT</subfield>
    <subfield code="c">RK</subfield>
    <subfield code="d">2005-03-13</subfield>
    <subfield code="o">RK 398.2 SUL</subfield>
    <subfield code="p">A01078906</subfield>
    <subfield code="r">2018-05-09 00:00:00</subfield>
    <subfield code="y">B</subfield>
  </datafield>
  <datafield tag="952" ind1=" " ind2=" ">
    <subfield code="0">0</subfield>
    <subfield code="7">1</subfield>
    <subfield code="b">PD35</subfield>
    <subfield code="c">RK</subfield>
    <subfield code="d">2005-03-13</subfield>
    <subfield code="l">0</subfield>
    <subfield code="o">RK 398.2 SUL</subfield>
    <subfield code="p">A01078907</subfield>
    <subfield code="r">2018-05-09 00:00:00</subfield>
    <subfield code="y">B</subfield>
  </datafield>
  <datafield tag="952" ind1=" " ind2=" ">
    <subfield code="0">0</subfield>
    <subfield code="7">1</subfield>
    <subfield code="b">PD37</subfield>
    <subfield code="c">RK</subfield>
    <subfield code="d">2005-03-13</subfield>
    <subfield code="l">0</subfield>
    <subfield code="o">RK 398.2 SUL</subfield>
    <subfield code="p">A01078909</subfield>
    <subfield code="r">2018-05-09 00:00:00</subfield>
    <subfield code="y">B</subfield>
  </datafield>
  <datafield tag="952" ind1=" " ind2=" ">
    <subfield code="0">0</subfield>
    <subfield code="7">1</subfield>
    <subfield code="b">PD38</subfield>
    <subfield code="c">RK</subfield>
    <subfield code="d">2005-03-13</subfield>
    <subfield code="l">0</subfield>
    <subfield code="o">RK 398.2 SUL</subfield>
    <subfield code="p">A01078910</subfield>
    <subfield code="r">2018-05-09 00:00:00</subfield>
    <subfield code="y">B</subfield>
  </datafield>
  <datafield tag="952" ind1=" " ind2=" ">
    <subfield code="0">0</subfield>
    <subfield code="7">1</subfield>
    <subfield code="b">PD15</subfield>
    <subfield code="c">RK</subfield>
    <subfield code="d">2005-03-13</subfield>
    <subfield code="o">RK 398.2 SUL</subfield>
    <subfield code="p">A01078911</subfield>
    <subfield code="r">2018-05-09 00:00:00</subfield>
    <subfield code="y">B</subfield>
  </datafield>
  <datafield tag="952" ind1=" " ind2=" ">
    <subfield code="0">0</subfield>
    <subfield code="7">1</subfield>
    <subfield code="b">PD39</subfield>
    <subfield code="c">RK</subfield>
    <subfield code="d">2005-03-13</subfield>
    <subfield code="o">RK 398.2 SUL</subfield>
    <subfield code="p">A01078912</subfield>
    <subfield code="r">2018-05-09 00:00:00</subfield>
    <subfield code="y">B</subfield>
  </datafield>
  <datafield tag="952" ind1=" " ind2=" ">
    <subfield code="0">0</subfield>
    <subfield code="7">1</subfield>
    <subfield code="b">PD7</subfield>
    <subfield code="c">RK</subfield>
    <subfield code="d">2005-03-13</subfield>
    <subfield code="l">0</subfield>
    <subfield code="o">RK 398.2 SUL</subfield>
    <subfield code="p">A01078917</subfield>
    <subfield code="r">2018-05-09 00:00:00</subfield>
    <subfield code="y">B</subfield>
  </datafield>
  <datafield tag="952" ind1=" " ind2=" ">
    <subfield code="0">0</subfield>
    <subfield code="7">1</subfield>
    <subfield code="b">PD8</subfield>
    <subfield code="c">RK</subfield>
    <subfield code="d">2005-03-13</subfield>
    <subfield code="l">0</subfield>
    <subfield code="o">RK 398.2 SUL</subfield>
    <subfield code="p">A01078918</subfield>
    <subfield code="r">2018-05-09 00:00:00</subfield>
    <subfield code="y">B</subfield>
  </datafield>
  <datafield tag="952" ind1=" " ind2=" ">
    <subfield code="0">0</subfield>
    <subfield code="7">1</subfield>
    <subfield code="b">PD12</subfield>
    <subfield code="c">RK</subfield>
    <subfield code="d">2005-03-13</subfield>
    <subfield code="l">0</subfield>
    <subfield code="o">RK 398.2 SUL</subfield>
    <subfield code="p">A01078921</subfield>
    <subfield code="r">2018-05-09 00:00:00</subfield>
    <subfield code="y">B</subfield>
  </datafield>
  <datafield tag="952" ind1=" " ind2=" ">
    <subfield code="0">0</subfield>
    <subfield code="7">1</subfield>
    <subfield code="b">PD13</subfield>
    <subfield code="c">RK</subfield>
    <subfield code="d">2005-03-13</subfield>
    <subfield code="l">0</subfield>
    <subfield code="o">RK 398.2 SUL</subfield>
    <subfield code="p">A01078922</subfield>
    <subfield code="r">2018-05-09 00:00:00</subfield>
    <subfield code="y">B</subfield>
  </datafield>
  <datafield tag="952" ind1=" " ind2=" ">
    <subfield code="0">0</subfield>
    <subfield code="7">1</subfield>
    <subfield code="b">PD15</subfield>
    <subfield code="c">RK</subfield>
    <subfield code="d">2005-03-13</subfield>
    <subfield code="o">RK 398.2 SUL</subfield>
    <subfield code="p">A01078924</subfield>
    <subfield code="r">2018-05-09 00:00:00</subfield>
    <subfield code="y">B</subfield>
  </datafield>
  <datafield tag="952" ind1=" " ind2=" ">
    <subfield code="0">0</subfield>
    <subfield code="7">1</subfield>
    <subfield code="b">PD17</subfield>
    <subfield code="c">RK</subfield>
    <subfield code="d">2005-03-13</subfield>
    <subfield code="l">0</subfield>
    <subfield code="o">RK 398.2 SUL</subfield>
    <subfield code="p">A01078926</subfield>
    <subfield code="r">2018-05-09 00:00:00</subfield>
    <subfield code="y">B</subfield>
  </datafield>
  <datafield tag="952" ind1=" " ind2=" ">
    <subfield code="0">0</subfield>
    <subfield code="7">1</subfield>
    <subfield code="b">PD18</subfield>
    <subfield code="c">RK</subfield>
    <subfield code="d">2005-03-13</subfield>
    <subfield code="o">RK 398.2 SUL</subfield>
    <subfield code="p">A01078927</subfield>
    <subfield code="r">2018-05-09 00:00:00</subfield>
    <subfield code="y">B</subfield>
  </datafield>
  <datafield tag="952" ind1=" " ind2=" ">
    <subfield code="0">0</subfield>
    <subfield code="7">1</subfield>
    <subfield code="b">JT</subfield>
    <subfield code="c">RK</subfield>
    <subfield code="d">2005-03-13</subfield>
    <subfield code="o">RK 398.2 SUL</subfield>
    <subfield code="p">A01078931</subfield>
    <subfield code="r">2018-05-09 00:00:00</subfield>
    <subfield code="y">B</subfield>
  </datafield>
  <datafield tag="952" ind1=" " ind2=" ">
    <subfield code="0">0</subfield>
    <subfield code="7">1</subfield>
    <subfield code="b">PD24</subfield>
    <subfield code="c">RK</subfield>
    <subfield code="d">2005-03-13</subfield>
    <subfield code="o">RK 398.2 SUL</subfield>
    <subfield code="p">A01078933</subfield>
    <subfield code="r">2018-05-09 00:00:00</subfield>
    <subfield code="y">B</subfield>
  </datafield>
  <datafield tag="952" ind1=" " ind2=" ">
    <subfield code="0">0</subfield>
    <subfield code="7">1</subfield>
    <subfield code="b">PD25</subfield>
    <subfield code="c">RK</subfield>
    <subfield code="d">2005-03-13</subfield>
    <subfield code="o">RK 398.2 SUL</subfield>
    <subfield code="p">A01078934</subfield>
    <subfield code="r">2018-05-09 00:00:00</subfield>
    <subfield code="y">B</subfield>
  </datafield>
  <datafield tag="952" ind1=" " ind2=" ">
    <subfield code="0">0</subfield>
    <subfield code="7">1</subfield>
    <subfield code="b">PD29</subfield>
    <subfield code="c">RK</subfield>
    <subfield code="d">2005-03-13</subfield>
    <subfield code="l">0</subfield>
    <subfield code="o">RK 398.2 SUL</subfield>
    <subfield code="p">A01078938</subfield>
    <subfield code="r">2018-05-09 00:00:00</subfield>
    <subfield code="y">B</subfield>
  </datafield>
</record>
